[Event "Eljanov Memorial 6th"]
[Site "Chess.com INT"]
[Date "2020.10.29"]
[Round "8"]
[White "Hrabinska, Myroslava"]
[Black "Stolyarsky, Yegor"]
[Result "0-1"]
[WhiteElo "2235"]
[BlackElo "2079"]
[PlyCount "70"]
[EventDate "2020.10.29"]
[EventType "swiss (blitz)"]
[EventRounds "9"]
[EventCountry "UKR"]
[SourceTitle "CBM 199 Extra"]
[Source "ChessBase"]
[SourceDate "2021.01.31"]
[SourceVersion "1"]
[SourceVersionDate "2021.01.31"]
[SourceQuality "1"]

1. e4 e5 2. Nf3 Nc6 3. d4 exd4 4. c3 dxc3 5. Nxc3 d6 6. Bc4 Be6 7. Bxe6 fxe6 8. Qb3 Qd7 9. Qxb7 Rb8 10. Qa6 Nf6 11. 0-0 Be7 12. Qc4 0-0 13. Ng5 Nd8 14. f4 h6 15. Nf3 d5 16. Qe2 Nc6 17. Rd1 Bc5+ 18. Kf1 Ng4 19. exd5 exd5 20. Rxd5 Bd6 21. h3 Rbe8 22. Qc4 Qe6 23. hxg4 Na5 24. Qd3 Rd8 25. f5 Qe7 26. Rxa5 Bf4 27. Qc4+ Kh8 28. Bxf4 Rfe8 29. Re1 Qd7 30. Rxe8+ Rxe8 31. Re5 Rd8 32. Rd5 Qc8 33. Rxd8+ Qxd8 34. Qd5 Qe8 35. Ne5 c6 0-1

[Event "Netanya op"]
[Site "Netanya"]
[Date "2019.07.02"]
[Round "9"]
[White "Stolyarsky, Yegor"]
[Black "Yusupoff, Yoav"]
[Result "0-1"]
[WhiteElo "2007"]
[BlackElo "1874"]
[PlyCount "138"]
[EventDate "2019.06.23"]
[EventType "swiss"]
[EventRounds "9"]
[EventCountry "ISR"]
[SourceTitle "EXT 2020"]
[Source "ChessBase"]
[SourceDate "2019.10.17"]
[SourceVersion "1"]
[SourceVersionDate "2019.10.17"]
[SourceQuality "1"]

1. d4 d5 2. Nf3 Nf6 3. e3 Bg4 4. c4 e6 5. Qb3 Qc8 6. Ne5 Bf5 7. Nc3 c6 8. Be2 Nbd7 9. g4 Nxe5 10. gxf5 dxc4 11. Qd1 Nd3+ 12. Bxd3 cxd3 13. fxe6 Qxe6 14. Qxd3 0-0-0 15. e4 Bb4 16. f3 Rhe8 17. a3 Bxc3+ 18. bxc3 Qh3 19. Qf1 Rxe4+ 20. Kd2 Rh4 21. Qxh3+ Rxh3 22. Ke2 Re8+ 23. Kf2 Nd5 24. Bd2 Re6 25. Kg2 Rh5 26. Rae1 Rxe1 27. Rxe1 Kd7 28. c4 Nb6 29. Bb4 Nc8 30. Kg3 g6 31. h3 a5 32. Bf8 Rf5 33. Re2 h5 34. Rb2 b5 35. cxb5 Rxb5 36. Re2 Rd5 37. Bc5 Nd6 38. Kf4 g5+ 39. Ke3 Nb7 40. Ba7 c5 41. dxc5 Nxc5 42. Rd2 Rxd2 43. Kxd2 Kc6 44. Ke3 f5 45. Bb8 Kd5 46. h4 g4 47. fxg4 hxg4 48. h5 Ne6 49. h6 Nf8 50. Kf4 Ke6 51. Kg5 a4 52. Bh2 Nh7+ 53. Kg6 Nf8+ 54. Kg5 Nh7+ 55. Kg6 Nf8+ 56. Kg7 Ke7 57. Bg3 f4 58. h7 Nxh7 59. Bh4+ Ke6 60. Kxh7 Kf5 61. Kh6 Ke4 62. Kg5 Kf3 63. Kf5 g3 64. Be7 g2 65. Bc5 Kg3 66. Ke4 f3 67. Bd6+ Kf2 68. Kf4 Kf1 69. Bc5 f2 0-1

[Event "Netanya op"]
[Site "Netanya"]
[Date "2019.06.30"]
[Round "7"]
[White "Stolyarsky, Yegor"]
[Black "Kopaloff, Liam"]
[Result "1/2-1/2"]
[WhiteElo "2007"]
[BlackElo "1568"]
[PlyCount "91"]
[EventDate "2019.06.23"]
[EventType "swiss"]
[EventRounds "9"]
[EventCountry "ISR"]
[SourceTitle "CBM 191 Extra"]
[Source "ChessBase"]
[SourceDate "2019.09.30"]
[SourceVersion "1"]
[SourceVersionDate "2019.09.30"]
[SourceQuality "1"]

1. d4 Nf6 2. Nf3 b5 3. e3 a6 4. Bd3 Bb7 5. 0-0 e6 6. a4 b4 7. c4 c5 8. Nbd2 Nc6 9. b3 Be7 10. Bb2 Qb6 11. Rc1 0-0 12. Bb1 Rfd8 13. d5 exd5 14. cxd5 Na5 15. Nc4 Nxc4 16. bxc4 d6 17. Qd3 g6 18. e4 Bc8 19. Qd2 Nh5 20. e5 Bd7 21. Bc2 b3 22. a5 Qb7 23. Bd1 Rab8 24. exd6 Bxd6 25. Ne5 Ng7 26. Qc3 Bf8 27. Nxd7 Rxd7 28. Re1 Qb4 29. Re3 Rdb7 30. g4 Qxc3 31. Rcxc3 Bd6 32. Rxb3 Bc7 33. Rxb7 Rxb7 34. Bxg7 Kxg7 35. Kg2 Rb4 36. Be2 Ra4 37. Re8 Rxa5 38. Rc8 Be5 39. Rc6 Kf8 40. Rb6 Bc7 41. Rb7 Bd6 42. Rd7 Bf4 43. d6 Ke8 44. Re7+ Kf8 45. Rd7 Ke8 46. Re7+ 1/2-1/2